[Event "Olympiad-44"]
[Site "Chennai"]
[Date "2022.08.03"]
[Round "6.2"]
[White "Isaac, Mukoko"]
[Black "Damianou, Ioannis"]
[Result "0-1"]
[WhiteElo "1805"]
[BlackElo "2153"]
[PlyCount "82"]
[EventDate "2022.07.29"]
[EventType "team-swiss"]
[EventRounds "11"]
[EventCountry "IND"]
[SourceTitle "CBM 210"]
[Source "ChessBase"]
[SourceDate "2022.10.31"]
[SourceVersion "1"]
[SourceVersionDate "2022.10.31"]
[SourceQuality "1"]
[WhiteTeam "Kenya"]
[BlackTeam "Cyprus"]
[WhiteTeamCountry "KEN"]
[BlackTeamCountry "CYP"]

1. e4 c5 2. c3 d5 3. exd5 Qxd5 4. d4 g6 5. Nf3 Bg7 6. Be2 cxd4 7. cxd4 Nf6 8. Nc3 Qa5 9. 0-0 0-0 10. Qb3 Nc6 11. Be3 Bf5 12. Qxb7 Rfc8 13. Qa6 Qd8 14. Rac1 Rab8 15. Qa3 Nb4 16. Bf4 Rb6 17. Nb5 Nc2 18. Qxa7 Nd5 19. Bc7 Rxc7 20. Nxc7 Rxb2 21. Nxd5 Qxd5 22. a4 Bxd4 23. Nxd4 Nxd4 24. Bc4 Qe4 25. Rc3 e6 26. Re3 Qf4 27. Bb5 Rxf2 28. Rxf2 Qxe3 29. Qb8+ Kg7 30. Qg3 Qc1+ 31. Rf1 Qc5 32. Kh1 Nxb5 33. axb5 Qxb5 34. Qc3+ f6 35. Ra1 g5 36. h3 Qb6 37. Qc8 Be4 38. Qd7+ Kh6 39. Ra7 Qf2 40. Qg7+ Kh5 41. Qf7+ Kh4 0-1

[Event "Olympiad-44"]
[Site "Chennai"]
[Date "2022.08.01"]
[Round "4.3"]
[White "Isam, Gaith"]
[Black "Damianou, Ioannis"]
[Result "0-1"]
[WhiteElo "1828"]
[BlackElo "2153"]
[PlyCount "106"]
[EventDate "2022.07.29"]
[EventType "team-swiss"]
[EventRounds "11"]
[EventCountry "IND"]
[SourceTitle "CBM 210"]
[Source "ChessBase"]
[SourceDate "2022.10.31"]
[SourceVersion "1"]
[SourceVersionDate "2022.10.31"]
[SourceQuality "1"]
[WhiteTeam "Palestine"]
[BlackTeam "Cyprus"]
[WhiteTeamCountry "PLE"]
[BlackTeamCountry "CYP"]

1. e4 c5 2. Nc3 Nc6 3. f4 g6 4. Nf3 Bg7 5. a4 e6 6. e5 d6 7. Bb5 Nge7 8. Ne4 dxe5 9. fxe5 0-0 10. Nf6+ Kh8 11. Bxc6 Nxc6 12. Qe2 Nxe5 13. Qxe5 Bxf6 14. Qxc5 e5 15. d3 Bg4 16. Qf2 Bg7 17. 0-0 Rc8 18. Ne1 a6 19. Be3 Qd5 20. Rc1 Bd7 21. c4 Qd6 22. Nf3 Bxa4 23. b3 Bxb3 24. Qh4 Qxd3 25. Bh6 Rxc4 26. Rxc4 Qxc4 27. Qh3 e4 28. Nd2 Qc5+ 29. Be3 Bd4 30. Nxb3 Bxe3+ 31. Kh1 Qc4 32. Re1 Qxb3 33. Qxe3 Qxe3 34. Rxe3 f5 35. Rc3 Kg7 36. Kg1 Kf6 37. Kf2 f4 38. g3 g5 39. h4 fxg3+ 40. Kxg3 gxh4+ 41. Kf4 Re8 42. Ke3 h3 43. Rc1 Kg5 44. Rc7 h5 45. Rxb7 h2 46. Rb1 Kg4 47. Kf2 e3+ 48. Kg2 e2 49. Re1 h1Q+ 50. Kxh1 Kf3 51. Kg1 Rg8+ 52. Kh2 Kf2 53. Rf1+ exf1R 0-1

[Event "CYP-ch op"]
[Site "Nicosia"]
[Date "2022.02.05"]
[Round "2"]
[White "Papouis, Diomides"]
[Black "Damianou, Ioannis"]
[Result "0-1"]
[WhiteElo "1731"]
[BlackElo "2176"]
[PlyCount "88"]
[EventDate "2022.02.04"]
[EventType "swiss"]
[EventRounds "9"]
[EventCountry "CYP"]
[SourceTitle "CBM 207 Extra"]
[Source "ChessBase"]
[SourceDate "2022.05.31"]
[SourceVersion "1"]
[SourceVersionDate "2022.05.31"]
[SourceQuality "1"]

1. d4 Nf6 2. Nf3 g6 3. g3 Bg7 4. Bg2 0-0 5. 0-0 d5 6. c4 Nc6 7. Na3 Bf5 8. e3 dxc4 9. Nxc4 Nd5 10. a3 Be4 11. b4 Nb6 12. Ncd2 Bd3 13. Re1 e5 14. Nxe5 Nxe5 15. dxe5 Bxe5 16. Ra2 c6 17. Bb2 Bxb2 18. Rxb2 Qf6 19. Ra2 Rfd8 20. Qa1 Qe6 21. Nf3 a5 22. Nd4 Qc4 23. Rc1 Qa6 24. bxa5 Qxa5 25. Qc3 Qxc3 26. Rxc3 Bc4 27. Ra1 Ba6 28. Bf1 Na4 29. Rb3 Bxf1 30. Kxf1 c5 31. Nf3 Ra7 32. Ne5 Rd2 33. Nc4 Rc2 34. Nb6 c4 35. Rb4 Nb2 36. Rb1 Nd3 37. Rxc4 Rxf2+ 38. Kg1 Rxa3 39. Rd4 Rc2 40. Nc4 Rac3 41. Rd8+ Kg7 42. Nd6 Ne5 43. Rd1 Rxe3 44. Nxb7 Ree2 0-1

[Event "CYP-ch op"]
[Site "Nikosia"]
[Date "2021.06.19"]
[Round "5"]
[White "Damianou, Ioannis"]
[Black "Stefanidi, Maria Anna"]
[Result "1-0"]
[WhiteElo "2154"]
[BlackElo "1983"]
[PlyCount "53"]
[EventDate "2021.06.11"]
[EventType "swiss"]
[EventRounds "7"]
[EventCountry "CYP"]
[SourceTitle "EXT 2023"]
[Source "ChessBase"]
[SourceDate "2022.10.05"]
[SourceVersion "1"]
[SourceVersionDate "2022.10.05"]
[SourceQuality "1"]

1. e4 d5 2. exd5 Nf6 3. Nf3 Nxd5 4. Bc4 Bg4 5. d4 e6 6. 0-0 Be7 7. c3 Nd7 8. h3 Bh5 9. Re1 c6 10. Nbd2 g5 11. Ne4 Rg8 12. Be2 g4 13. Ne5 Bg6 14. Nxg6 Rxg6 15. hxg4 Qc7 16. g3 0-0-0 17. c4 N5b6 18. Bf4 e5 19. dxe5 Nxe5 20. Qc2 f6 21. Rad1 Bf8 22. g5 Rxd1 23. Rxd1 Be7 24. Nxf6 Bxf6 25. Qf5+ Nbd7 26. gxf6 Rxf6 27. Bxe5 1-0

[Event "CYP-ch op"]
[Site "Nikosia"]
[Date "2021.06.13"]
[Round "3"]
[White "Hadjiyiannis, Costas"]
[Black "Damianou, Ioannis"]
[Result "0-1"]
[WhiteElo "1701"]
[BlackElo "2154"]
[PlyCount "37"]
[EventDate "2021.06.11"]
[EventType "swiss"]
[EventRounds "7"]
[EventCountry "CYP"]
[SourceTitle "EXT 2023"]
[Source "ChessBase"]
[SourceDate "2022.10.05"]
[SourceVersion "1"]
[SourceVersionDate "2022.10.05"]
[SourceQuality "1"]

1. c4 b6 2. Nc3 Bb7 3. Nf3 Nf6 4. d4 e6 5. Bg5 Bb4 6. Rc1 h6 7. Bxf6 Qxf6 8. a3 Bxc3+ 9. Rxc3 0-0 10. Qd3 d6 11. g3 Re8 12. Bg2 e5 13. dxe5 dxe5 14. 0-0 Nc6 15. Nd2 Rad8 16. Bd5 Ne7 17. Ne4 Qg6 18. Qf3 c6 19. Nd2 0-1

[Event "EU-ch Online U18"]
[Site "Tornelo INT"]
[Date "2020.09.19"]
[Round "5"]
[White "Damianou, Ioannis"]
[Black "Gadimbayli, Abdulla Azar"]
[Result "0-1"]
[WhiteElo "2155"]
[BlackElo "2470"]
[PlyCount "50"]
[EventDate "2020.09.18"]
[EventType "swiss (rapid)"]
[EventRounds "9"]
[EventCountry "ENG"]
[SourceTitle "CBM 198 Extra"]
[Source "ChessBase"]
[SourceDate "2020.11.30"]
[SourceVersion "1"]
[SourceVersionDate "2020.11.30"]
[SourceQuality "1"]

1. e4 e5 2. Nf3 d5 3. Nxe5 Bd6 4. d4 dxe4 5. Nc3 Bxe5 6. dxe5 Qxd1+ 7. Kxd1 Nc6 8. Nxe4 Bf5 9. Bd3 Nge7 10. f4 Nb4 11. Ke2 0-0-0 12. h3 Rd4 13. Bd2 Bxe4 14. Bc3 Bxd3+ 15. cxd3 Nf5 16. Bxd4 Nxd4+ 17. Kf2 Ne6 18. Ke3 Nc2+ 19. Ke4 Nxa1 20. Rxa1 Rd8 21. Rd1 Rd4+ 22. Ke3 Rxf4 23. d4 c6 24. g3 Rf5 25. Ke4 Rf2 0-1

[Event "EU-ch Online U18"]
[Site "Tornelo INT"]
[Date "2020.09.19"]
[Round "4"]
[White "Zvezdakoski, Matej"]
[Black "Damianou, Ioannis"]
[Result "0-1"]
[WhiteElo "1917"]
[BlackElo "2155"]
[PlyCount "100"]
[EventDate "2020.09.18"]
[EventType "swiss (rapid)"]
[EventRounds "9"]
[EventCountry "ENG"]
[SourceTitle "CBM 198 Extra"]
[Source "ChessBase"]
[SourceDate "2020.11.30"]
[SourceVersion "1"]
[SourceVersionDate "2020.11.30"]
[SourceQuality "1"]

1. e4 c5 2. c4 Nc6 3. Nc3 e6 4. g3 Nge7 5. Bg2 Nd4 6. Nge2 Nec6 7. d3 Be7 8. 0-0 d6 9. f4 0-0 10. Nxd4 cxd4 11. Nb1 Rb8 12. b3 Bd7 13. Nd2 a6 14. Bb2 Bf6 15. Qe2 b5 16. Rac1 e5 17. cxb5 axb5 18. Bf3 Qa5 19. a3 Rbc8 20. Rf2 Ne7 21. Rff1 g6 22. b4 Qa4 23. Qd1 Rxc1 24. Bxc1 Qa7 25. Bg4 Bg7 26. Bxd7 Qxd7 27. fxe5 dxe5 28. Nb3 Qc6 29. Nc5 Nc8 30. Qb3 Nd6 31. Bg5 Qc7 32. Rc1 Qa7 33. Qd5 h6 34. Qxd6 hxg5 35. Na6 Ra8 36. Rc6 Qb7 37. Nc5 Qa7 38. Na6 g4 39. Qd5 Qb7 40. Nc5 Qe7 41. Rxg6 Rd8 42. Rxg7+ Kxg7 43. Qc6 Qg5 44. Qxb5 Qc1+ 45. Kg2 Qd2+ 46. Kg1 Qe1+ 47. Kg2 Qe2+ 48. Kg1 Rh8 49. Nd7 Qxh2+ 50. Kf1 Qh1+ 0-1

[Event "Online Olym Div4 B"]
[Site "Chess.com INT"]
[Date "2020.07.31"]
[Round "3.4"]
[White "Damianou, Ioannis"]
[Black "Fleri, Matthew"]
[Result "0-1"]
[WhiteElo "2202"]
[BlackElo "1838"]
[PlyCount "86"]
[EventDate "2020.07.31"]
[EventType "team-tourn (rapid)"]
[EventRounds "9"]
[EventCountry "USA"]
[SourceTitle "CBM 198"]
[Source "ChessBase"]
[SourceDate "2020.10.31"]
[SourceVersion "1"]
[SourceVersionDate "2020.10.31"]
[SourceQuality "1"]
[WhiteTeam "Cyprus"]
[BlackTeam "Malta"]
[WhiteTeamCountry "CYP"]
[BlackTeamCountry "MLT"]

1. Nf3 d5 2. g3 Nf6 3. Bg2 e6 4. 0-0 Be7 5. d3 0-0 6. Nbd2 c5 7. c3 Nc6 8. e4 b5 9. Qe2 Bb7 10. Rd1 Qb6 11. b3 a5 12. a4 b4 13. c4 dxe4 14. dxe4 Ng4 15. h3 Bf6 16. Rb1 Nge5 17. Bb2 Nxf3+ 18. Nxf3 Bxb2 19. Rxb2 Rfd8 20. Rbd2 Rxd2 21. Rxd2 Rd8 22. Qd1 Rxd2 23. Qxd2 Nd4 24. Nxd4 cxd4 25. e5 Bxg2 26. Kxg2 Qc5 27. f4 Qc6+ 28. Kf2 Qe4 29. c5 h6 30. Qe2 Qd5 31. Qc4 Qxc4 32. bxc4 Kf8 33. Ke2 Ke7 34. c6 Kd8 35. Kd3 Kc7 36. Kxd4 Kxc6 37. g4 g6 38. h4 h5 39. g5 Kb6 40. c5+ Kc7 41. Kd3 Kd7 42. Kd4 b3 43. Kc3 b2 0-1

[Event "Paleochora op 13th"]
[Site "Paleochora"]
[Date "2020.07.23"]
[Round "7"]
[White "Damianou, Ioannis"]
[Black "Vrolijk, Liam"]
[Result "1/2-1/2"]
[WhiteElo "2202"]
[BlackElo "2502"]
[PlyCount "91"]
[EventDate "2020.07.18"]
[EventType "swiss"]
[EventRounds "9"]
[EventCountry "GRE"]
[SourceTitle "EXT 2021"]
[Source "ChessBase"]
[SourceDate "2020.10.23"]
[SourceVersion "1"]
[SourceVersionDate "2020.10.23"]
[SourceQuality "1"]

1. c4 Nf6 2. Nc3 e5 3. Nf3 Nc6 4. g3 d5 5. cxd5 Nxd5 6. Bg2 Bc5 7. 0-0 0-0 8. d3 Re8 9. Bd2 Nxc3 10. Bxc3 Nd4 11. e3 Nxf3+ 12. Bxf3 c6 13. Bxe5 Rxe5 14. d4 Bxd4 15. Qxd4 Qxd4 16. exd4 Rb5 17. Rfd1 Be6 18. Rd2 Rd8 19. a3 a5 20. Rc1 Kf8 21. Kf1 h6 22. Ke1 Re8 23. Kf1 Ke7 24. Rc5 Kd6 25. Rxb5 Bc4+ 26. Be2 cxb5 27. b3 Be6 28. Kg2 Bd5+ 29. Kf1 Rc8 30. Ke1 Rc3 31. Rd3 Rxd3 32. Bxd3 Bxb3 33. Be4 Bd5 34. Bc2 Bc4 35. Be4 b4 36. axb4 a4 37. Kd2 a3 38. Kc3 a2 39. Kb2 Kc7 40. Bc2 Kc6 41. Be4+ Kb5 42. d5 Kxb4 43. d6 Be6 44. Bd5 Bd7 45. Bxf7 Kc5 46. Kxa2 1/2-1/2

[Event "Paleochora op 13th"]
[Site "Paleochora"]
[Date "2020.07.22"]
[Round "6"]
[White "Pelantakis, Mihail"]
[Black "Damianou, Ioannis"]
[Result "0-1"]
[WhiteElo "1939"]
[BlackElo "2202"]
[PlyCount "74"]
[EventDate "2020.07.18"]
[EventType "swiss"]
[EventRounds "9"]
[EventCountry "GRE"]
[SourceTitle "EXT 2021"]
[Source "ChessBase"]
[SourceDate "2020.10.23"]
[SourceVersion "1"]
[SourceVersionDate "2020.10.23"]
[SourceQuality "1"]

1. e4 c5 2. Nf3 e6 3. d4 cxd4 4. Nxd4 Nc6 5. Nc3 Qc7 6. Be3 a6 7. Qf3 Nf6 8. 0-0-0 h5 9. Nxc6 dxc6 10. Bg5 Be7 11. Kb1 e5 12. h3 Be6 13. Be2 Qa5 14. Bd2 Qc7 15. Bg5 b5 16. Qe3 Qa5 17. Bf3 b4 18. Nd5 cxd5 19. exd5 Nxd5 20. Bxd5 Bxd5 21. Bxe7 Qxa2+ 22. Kc1 Qa1+ 23. Kd2 Qxb2 24. Bd6 f6 25. Qd3 Qc3+ 26. Qxc3 bxc3+ 27. Kxc3 Bxg2 28. Rhg1 Bf3 29. Rd3 e4 30. Rd5 e3 31. Rgd1 exf2 32. Rf1 Bg2 33. Rxf2 Bxh3 34. Rh2 Rc8+ 35. Kb4 Be6 36. c4 Kd7 37. c5 g5 0-1

[Event "Lympia Cyprus-ch op"]
[Site "Lympia"]
[Date "2020.02.01"]
[Round "8"]
[White "Stefanidi, Maria Anna"]
[Black "Damianou, Ioannis"]
[Result "1/2-1/2"]
[WhiteElo "1984"]
[BlackElo "2130"]
[PlyCount "58"]
[EventDate "2020.01.05"]
[EventType "swiss"]
[EventRounds "9"]
[EventCountry "CYP"]
[SourceTitle "CBM 194 Extra"]
[Source "ChessBase"]
[SourceDate "2020.03.31"]
[SourceVersion "1"]
[SourceVersionDate "2020.03.31"]
[SourceQuality "1"]

1. e4 c6 2. d4 d5 3. Nc3 dxe4 4. Nxe4 Nf6 5. Nxf6+ exf6 6. Nf3 Bd6 7. Be3 0-0 8. Qd2 Re8 9. 0-0-0 Nd7 10. g4 Nf8 11. Rg1 Be6 12. Kb1 Bd5 13. Be2 Qc7 14. h4 Rad8 15. c4 Be4+ 16. Ka1 b5 17. cxb5 cxb5 18. Rc1 Qb7 19. Ne1 Bd5 20. Qa5 Rb8 21. Nd3 Re6 22. Qd2 Qa6 23. b4 Nd7 24. Nc5 Nxc5 25. bxc5 Bh2 26. Rgd1 Qa4 27. Qc2 Qa5 28. Rb1 a6 29. Bd3 g6 1/2-1/2

[Event "Lympia Cyprus-ch op"]
[Site "Lympia"]
[Date "2020.01.18"]
[Round "4"]
[White "Klerides, Paris"]
[Black "Damianou, Ioannis"]
[Result "0-1"]
[WhiteElo "2140"]
[BlackElo "2130"]
[PlyCount "108"]
[EventDate "2020.01.05"]
[EventType "swiss"]
[EventRounds "9"]
[EventCountry "CYP"]
[SourceTitle "CBM 194 Extra"]
[Source "ChessBase"]
[SourceDate "2020.03.31"]
[SourceVersion "1"]
[SourceVersionDate "2020.03.31"]
[SourceQuality "1"]

1. e4 c6 2. d4 d5 3. exd5 cxd5 4. Bd3 Nc6 5. c3 Qc7 6. h3 e6 7. Nf3 Bd6 8. 0-0 Nge7 9. Re1 Bd7 10. b3 0-0 11. Ba3 f6 12. c4 Bxa3 13. Nxa3 a6 14. Nc2 Rae8 15. Qd2 Rb8 16. Rac1 b5 17. cxd5 Nxd5 18. Ne3 Nxe3 19. Qxe3 Qd6 20. Rc5 Nb4 21. Bb1 Nd5 22. Qe4 g6 23. Rec1 Rbc8 24. g3 Bc6 25. Qg4 Ne7 26. Nh4 Kg7 27. Re1 Bd7 28. Rec1 e5 29. Qe4 exd4 30. Rxc8 Rxc8 31. Rxc8 Bxc8 32. Nf3 Bf5 33. Qe1 Bxh3 34. Nxd4 Qe5 35. Qd2 Qd5 36. f4 Kf7 37. Kh2 Nc6 38. Kxh3 Qh1+ 39. Qh2 Qxh2+ 40. Kxh2 Nxd4 41. Bd3 a5 42. a3 b4 43. axb4 axb4 44. Kg2 Ke6 45. Kf2 Kd5 46. Bc4+ Ke4 47. Bg8 h5 48. Bf7 Kf5 49. Ke3 Ne6 50. Kf3 Nc5 51. Ke3 Nb7 52. Be8 Nc5 53. Bf7 Kg4 54. Kd4 Nxb3+ 0-1

[Event "Lympia Cyprus-ch op"]
[Site "Lympia"]
[Date "2020.01.12"]
[Round "3"]
[White "Damianou, Ioannis"]
[Black "Savva, Marios"]
[Result "1-0"]
[WhiteElo "2130"]
[BlackElo "1718"]
[PlyCount "77"]
[EventDate "2020.01.05"]
[EventType "swiss"]
[EventRounds "9"]
[EventCountry "CYP"]
[SourceTitle "CBM 194 Extra"]
[Source "ChessBase"]
[SourceDate "2020.03.31"]
[SourceVersion "1"]
[SourceVersionDate "2020.03.31"]
[SourceQuality "1"]

1. c4 Nf6 2. Nc3 g6 3. e4 d6 4. d4 Bg7 5. Bd3 0-0 6. Nge2 e5 7. d5 a5 8. 0-0 Na6 9. f3 c6 10. Be3 cxd5 11. cxd5 Nd7 12. Rc1 Ndc5 13. Bb1 f5 14. exf5 gxf5 15. f4 e4 16. a3 Bd7 17. Bc2 Qe8 18. Bd4 b5 19. Bxg7 Kxg7 20. b4 axb4 21. axb4 Na4 22. Qd4+ Kg8 23. g4 Rc8 24. Bxa4 bxa4 25. gxf5 Bxf5 26. Kh1 Qe7 27. Rg1+ Bg6 28. Rcf1 Rf5 29. Ng3 Rcf8 30. Nxf5 Rxf5 31. Qc4 Qb7 32. Qxe4 Kf8 33. Re1 Re5 34. Qd4 Rxe1 35. Rxe1 Nxb4 36. Qh8+ Kf7 37. Qe8+ Kf6 38. Qf8+ Qf7 39. Qxd6+ 1-0

[Event "CYP-ch"]
[Site "Larnaca"]
[Date "2019.01.12"]
[Round "1"]
[White "Damianou, Ioannis"]
[Black "Klerides, Paris"]
[Result "1-0"]
[WhiteElo "1962"]
[BlackElo "2173"]
[PlyCount "77"]
[EventDate "2019.01.12"]
[EventType "tourn"]
[EventRounds "9"]
[EventCountry "CYP"]
[SourceTitle "CBM 189 Extra"]
[Source "ChessBase"]
[SourceDate "2019.06.03"]
[SourceVersion "1"]
[SourceVersionDate "2019.06.03"]
[SourceQuality "1"]

1. c4 e5 2. g3 Nf6 3. Bg2 c6 4. Nf3 e4 5. Nd4 Qb6 6. Nb3 a5 7. d3 Bb4+ 8. Nc3 a4 9. Be3 Qa6 10. Nd4 a3 11. Qc2 Qa5 12. Bd2 Qe5 13. bxa3 Rxa3 14. Nb3 exd3 15. Qxd3 0-0 16. 0-0 Na6 17. f4 Qe7 18. e4 Nc5 19. Qc2 Bxc3 20. Bxc3 Nfxe4 21. Rae1 Nxb3 22. Bxe4 Qc5+ 23. Kh1 Nd4 24. Qb2 Rxc3 25. Qxc3 d5 26. Bg2 dxc4 27. Re5 Qa7 28. Rd1 Nb5 29. Qxc4 Be6 30. Qb4 Qxa2 31. f5 Qc2 32. Rde1 Bd7 33. Qf4 Qd3 34. f6 Be6 35. fxg7 Rd8 36. Be4 Qd2 37. Rf1 Nc3 38. Bxh7+ Kxg7 39. Rg5+ 1-0

[Event "Rilton Cup 48th"]
[Site "Stockholm"]
[Date "2019.01.03"]
[Round "7"]
[White "Damianou, Ioannis"]
[Black "Cherepov, Alexej"]
[Result "1/2-1/2"]
[WhiteElo "2022"]
[BlackElo "2226"]
[PlyCount "89"]
[EventDate "2018.12.27"]
[EventType "swiss"]
[EventRounds "9"]
[EventCountry "SWE"]
[SourceTitle "CBM 188 Extra"]
[Source "ChessBase"]
[SourceDate "2019.02.26"]
[SourceVersion "1"]
[SourceVersionDate "2019.02.26"]
[SourceQuality "1"]

1. c4 b6 2. Nc3 Bb7 3. d4 e6 4. e4 Bb4 5. Bd3 f5 6. d5 fxe4 7. Bxe4 Nf6 8. Bf3 exd5 9. cxd5 0-0 10. Nge2 a5 11. 0-0 Na6 12. a3 Bd6 13. Bf4 Ne8 14. Be3 Nc5 15. Qc2 Ba6 16. b4 axb4 17. axb4 Qh4 18. g3 Qxb4 19. Rfb1 Qc4 20. Nf4 Be5 21. Ra3 Bb7 22. Be2 Rxa3 23. Bxc4 Rxc3 24. Qe2 Nd6 25. Ba2 Ba6 26. Qh5 Bf6 27. Rd1 Ra3 28. Bb1 Nce4 29. Kg2 Re8 30. Ne6 g6 31. Qf3 dxe6 32. Bxe4 Nxe4 33. Qxe4 Bb7 34. Qf4 Bg7 35. Qxc7 Bxd5+ 36. Kh3 b5 37. Qd7 Rb8 38. Bf4 Rba8 39. Qxb5 Bf3 40. Rd7 R3a5 41. Rxg7+ Kxg7 42. Qd7+ Kf6 43. Qd4+ Kf7 44. g4 Bd5 45. Kh4 1/2-1/2